000 01395cam a22003734a 4500
005 20260322212008.0
008 data
010 _a 2006008889
020 _a0792259262 (hardcover)
020 _a0792259270 (library binding)
020 _a9780792259268 (hardcover)
020 _a9780792259275 (library binding)
040 _aDLC
_cDLC
_dDLC
042 _apcc
050 0 0 _aBP186.4
_b.H45 2006
082 0 0 _a297.3/62
_222
092 _a297.3 H45 2006
100 1 _aHeiligman, Deborah.
245 1 0 _aCelebrate Ramadan & Eid al-fitr /
_cDeborah Heiligman & Neguin Yavari.
246 3 _aCelebrate Ramadan and Eid al-fitr
260 _aWashington, D.C. :
_bNational Geographic,
_c2006.
300 _a31 p. :
_bcol. ill., col. map ;
_c27 cm.
490 1 _aHolidays around the world
504 _aIncludes bibliographical references.
650 0 _aRamadan
_vJuvenile literature.
650 0 _aʻĪd al-Fiṭr
_vJuvenile literature.
650 0 _aFasts and feasts
_xIslam
_vJuvenile literature.
650 0 _aIslam
_xRituals
_vJuvenile literature.
700 1 _aYavari, Neguin.
830 0 _aHolidays around the world (National Geographic Society (U.S.))
856 4 2 _3Contributor biographical information
_uhttp://www.loc.gov/catdir/enhancements/fy0643/2006008889-b.html
856 4 2 _3Publisher description
_uhttp://www.loc.gov/catdir/enhancements/fy0643/2006008889-d.html
001 data
999 _c154
_d154